Operations management learning simulation (Record no. 1562)
[ view plain ]
| 000 -LEADER | |
|---|---|
| fixed length control field | 01111nac a22002291u 4500 |
| 010 ## - LIBRARY OF CONGRESS CONTROL NUMBER | |
| LC control number | 2004565503 |
| 020 ## - INTERNATIONAL STANDARD BOOK NUMBER | |
| International Standard Book Number | 0324159978 |
| 082 10 - DEWEY DECIMAL CLASSIFICATION NUMBER | |
| Classification number | 658.5 |
| Item number | C9898 |
| 090 ## - LOCALLY ASSIGNED LC-TYPE CALL NUMBER (OCLC); LOCAL CALL NUMBER (OCLC) | |
| -- | 1562 |
| -- | 1562 |
| 100 ## - MAIN ENTRY--PERSONAL NAME | |
| Personal name | Cutright, Ken. |
| 245 10 - TITLE STATEMENT | |
| Title | Operations management learning simulation |
| Medium | [electronic resource] : |
| Remainder of title | OMLS / |
| Statement of responsibility, etc | Ken Cutright, Clarence Martin. |
| 250 ## - EDITION STATEMENT | |
| Edition statement | Verson 1.0/Windows. |
| 260 ## - PUBLICATION, DISTRIBUTION, ETC. (IMPRINT) | |
| Place of publication, distribution, etc | [Cincinnati, Ohio?] : |
| Name of publisher, distributor, etc | Thomson/South-Western, |
| Date of publication, distribution, etc | c2005. |
| 300 ## - PHYSICAL DESCRIPTION | |
| Extent | 550 p.: |
| Dimensions | Diagrams, |
| Accompanying material | 27 cm. + |
| Other physical details | 1 CD-ROM (4 3/4 in.) |
| 500 ## - GENERAL NOTE | |
| General note | Title from disc label. |
| 520 ## - SUMMARY, ETC. | |
| Summary, etc | Hands-on simulation teaches operations management processes and offers the flexibility to choose from simple to complex production environments. |
| 538 ## - SYSTEM DETAILS NOTE | |
| System details note | System requirements: 500MHz Pentium Class PC; 64MB RAM; Windows 98; 20MB free hard disk space; screen resolution (800 x 600 pixels); CD-ROM drive. |
| 650 #0 - SUBJECT ADDED ENTRY--TOPICAL TERM | |
| Topical term or geographic name as entry element | Production management. |
| 700 1# - ADDED ENTRY--PERSONAL NAME | |
| Personal name | Martin, Clarence. |
| 942 ## - ADDED ENTRY ELEMENTS (KOHA) | |
| Item type | NB - Book (Non borrowing) |
| Call number prefix | 658.5C9898 |
| Withdrawn status | Item status | Damaged status | Not for loan | Home library | Current library | Shelving location | Date acquired | Source of acquisition | Total Checkouts | Full call number | Barcode | Date last seen | Koha item type |
|---|---|---|---|---|---|---|---|---|---|---|---|---|---|
| Central Library | Central Library | First floor | 06/11/2005 | Purchase | 658.5 CUT | 000002791 | 15/07/2025 | NB - Book (Non borrowing) |